000 00828nas a2200253 4500
001 BR7600124
003 BR-BrBNA
005 20231205082849.0
007 ta
008 230509b bl.|||p| |||| 00| 00por d
040 _aBR-BrBNA
_bpor
_cBiblioteca Nacional de Agricultura
041 _a(Pt)
072 _aB10; L00
100 1 _aNascimento, J. do
245 1 _aRelatorio de estagio de aperfeicoamento em pecuaria bovina de corte, realizado na Franca, atraves da ACTIM [Agence porer la Cooperation Technique, Industriel et Economique]
650 _aGEOGRAFIA
650 _aPECUARIA
650 _aGADO DE CORTE
650 _aTREINAMENTO
650 _aFRANCA
773 0 _tZootecnia (Brazil)
_xISSN 0044-5320
_g(Jan 1975), v. 13(1) p. 17-24
_wBR7600124
909 _a202311
_bLúcia
_c55
_dLúcia Elande
942 _2AGRIS
_n0
_cANA
999 _c94706
_d94706